03807cam a22005294i 4500003000900000005001700009008004100026020001500067020001800082035002700100035002100127040005000148041001300198049000900211050002000220082001900240100003300259245015400292264005300446300004500499300001300544336002100557337002500578338002300603504003200626505173400658526000902392526000902401526000802410526000802418526000802426526000802434650004302442650004802485650003902533650003502572700004202607700004302649910002802692942001402720949013702734994001402871596000602885999016302891980005503054952016803109PE-LiUPU20250731175625.0170717t20172009miu r 000 0 grc d a1540960439 a9781540960436 a(Sirsi) i9781540960436 a(OCoLC)993652480 aYDXbengerdacYDXdBTCTAdBDXdLPUdPE-LiUPU0 aengagrc aPRUA00aPA817b.H4 200904a487.4bH492221 aHewett, James Allen,eautor.10aNew Testament Greek :ba beginning and intermediate grammar /cJames Allen Hewett ; revised and expanded by C. Michael Robbins and Steven R. Johnson. 1aGrand Rapids, Michigan :bBaker Academic,c2017. axxiii, 326 páginas ;c24 centímetros a1 CD-ROM atext2rdacontent aunmediated2rdamedia avolume2rdacarrier aIndice : páginas 313-322.0 aTraditional components of grammar -- Meaning -- Alphabet, orthography, and punctuation -- Verbal system: Primary active endings and tenses, indicative mood -- Nominal and abstracts systems: Second declension: the verb eiui -- Nominal systems: First declension; conditional sentences -- Nominal system; personal and relative pronouns -- Nominal system; Demonstrative and reflexive pronouns -- Structural word system: Prepositions; compound verbs -- Verbal system: Secondary active endings and tenses; imperfect tense; imperfect of eiui; second-class conditional sentences with the imperfect; abstracts system; adverbs -- Verbal system: Aorist tense, active and passive voices -- Verbal system: Perfect and Pluperfect active; second-class conditional sentences with the Aorist -- Verbal system: Primary middle endings, indicative mood; deponent verbs; future of eiui; nominal system; reciprocal pronouns -- Verbal system: Secondary-tense endings for middle/passive voice, indicative mood -- Nominal system: third-declension masculine and feminine nouns; interrogative and indefinite pronouns -- Nominal and abstracts systems: Third-declension neuter nouns; adjectives and numerals -- Verbal system; contract verbs; liquid verbs; abstracts system: comparative and superlative forms -- Verbal system: mt verbs -- participles; formation and participles -- Functions of participles: Adjectival -- Functions of participles: Adverbial and complementary; genitive absolute; periphrastic tenses -- Verbal system: the subjunctive mood -- Verbal system: Infinitives; indirect discourse -- Verbal system: Imperative mood; optative mood; fourth-class conditional sentences -- Nominal system: uses of the genitive, dative, and accusative cases. aP145 aP127 aP97 aP35 aP14 aP07 0aLengua griega, BíblicaxGramática. 0aBiblia. Nuevo Testamento. - Idioma, estilo. 0aGreek language, BiblicalxGrammar. 0aBible. N.T. --Language, style.1 aJohnson, Steven R.,d1961-,erevisor.1 aRobbins, C. Michael,d1955-,erevisor. adbmbncfcncfd20171218 2ddccBOOK a487.4 H49wDEWEYc1i77630lCATALOGINGmBULp21.50r0sYtBOOKu2017-12-18xPOSGRADOPP850DONACIONo.STAFF. Colección Teología. aC0bPEPRU a1 a487.4 H49wDEWEYc26223i77630d26223f2021-11-11g4lCCODEBUL1mBULp21.50q1r0sYtBOOKu2017-12-18xTEOLOGIAPP850COMPRAo.STAFF. Colección Teología. 81gALBERTO SANCHEZ Responsable de Automatización r2025-12-02 00:00:00i5l0o487.4 H49p77630te1v26.50w2017-12-18xPGyBKzinventario-2023-12-13102ddc50708GENfP85aBULbBULcGENd2017-12-18eCOMPRAg21.50